000 00342 a2200157 4500
001 156347
020 _a856241532
040 _cEscola São Tomás de Aquino
100 _aMACEDO, Joaquim Manuel
240 1 0 _aA moreninha
_lpor
245 1 0 _aA moreninha
300 _a95
362 0 _a2001
697 _a*LITERATURA JUVENIL
942 _cBK
999 _c156347
_d156347